000 00519nam a2200181Ia 4500
005 20260415160333.0
008 008 250505s9999 xx 000 0 eng d
037 _aTextual
040 _aFEDL
_beng
_cFEDL
041 _aeng
_2eng
084 _a681.113 ILI
_qFEDL
100 _aIlin M
_9133361
245 0 _aWhat time is it? : The story of clocks
260 _aLondon, UK
_bGeorge Routledge and Sons Ltd.
300 _a132p.
942 _cTEXL
_h681.113 ILI
999 _c1321821
_d1321821